| 000 | 00963cam a22002413a 4500 | ||
|---|---|---|---|
| 001 | 1309 | ||
| 003 | PGUSA | ||
| 005 | 20140828082959.0 | ||
| 008 | 980501s1998||||xxu|||||s|||||000 e eng d | ||
| 040 |
_aPGUSA _beng |
||
| 042 | _adc | ||
| 050 | 4 | _aPR | |
| 100 | 1 |
_aMeynell, Alice, _d1847-1922 |
|
| 245 | 1 | 4 |
_aThe Spirit of Place, and Other Essays _h[electronic resource] / _cAlice Meynell |
| 260 |
_bProject Gutenberg, _c1998 |
||
| 505 | 0 | _aThe spirit of place -- Mrs. Dingley -- Solitude -- The lady of the lyrics -- July -- Wells -- The foot -- Have patience, little saint -- The ladies of the idyll -- A derivation -- A counterchange -- Rain -- Letters of Marceline Valmore -- The hours of sleep -- The horizon -- Habits and consciousness -- Shadows. | |
| 506 | _aPublic domain in the USA. | ||
| 516 | _aElectronic text | ||
| 653 | _aEnglish essays | ||
| 830 | 0 |
_aProject Gutenberg _v1309 |
|
| 856 | 4 | 0 | _uhttp://www.gutenberg.org/ebooks/1309 |
| 942 | _cEB | ||
| 999 |
_c230657 _d230657 |
||